Malt-o-meal copies of other cereals Quiz Stats

 Plays Quiz not verified by Sporcle

Also try: 'C' Game
Challenge
Share
Tweet
Embed
Score 0/10 Timer 06:00
0 Plays Today
real cereal malt o meal copy % Correct
Cinnamon Toast CrunchCinnamon Toasters
58.3%
Cocoa PuffsCoco Roos
58.3%
Lucky CharmsMarshmallow Mateys
50%
Rice KrispiesCrispy Rice
41.7%
Honey Nut CheeriosHoney Nut Scooters
41.7%
Froot LoopsTootie Fruities
37.5%
Cocoa PebblesDyno Bites
29.2%
Apple JacksApple Zingers
25%
Cap'n CrunchColossal Crunch
20.8%
Golden GrahamsHoney Graham Squares
12.5%

You're not logged in!

Compare scores with friends on all Sporcle quizzes.
Join for Free
OR
Log In

You Might Also Like...

Show Comments

Extras

Created Nov 11, 2009SourceReportNominate
Tags:cereal, copy, malt, meal

Top Quizzes Today


Score Distribution

Your Account Isn't Verified!

In order to create a playlist on Sporcle, you need to verify the email address you used during registration. Go to your Sporcle Settings to finish the process.

Report this User

Report this user for behavior that violates our Community Guidelines.

Details: